000 00502nam a2200181Ia 4500
008 100917s9999 xx 000 0 und d
082 _b54638
100 _aसाळगांवकर शशिकला
245 _aकाटशह
260 _bश्रीविद्या प्रकाशन
_c1982
300 _a151
365 _b20
520 _aकादंबरी
630 _aकाटशह
650 _aकादंबरी
730 _aकाटशह
942 _cBOOK
999 _c660032
_d660029